[Event "Moscow op-B (Women) 14th"]
[Site "Moscow"]
[Date "2018.01.27"]
[Round "1"]
[White "Tanygina, Yulia"]
[Black "Lomakina, Galja"]
[Result "0-1"]
[WhiteElo "1665"]
[BlackElo "2024"]
[PlyCount "42"]
[EventDate "2018.01.27"]
[EventType "swiss"]
[EventRounds "9"]
[EventCountry "RUS"]
[SourceTitle "CBM 182 Extra"]
[Source "ChessBase"]
[SourceDate "2018.02.23"]
[SourceVersion "1"]
[SourceVersionDate "2018.02.23"]
[SourceQuality "1"]

1. e4 c6 2. Nf3 d5 3. Nc3 Bg4 4. Be2 e6 5. 0-0 Nf6 6. e5 Nfd7 7. d4 Be7 8. h3 Bh5 9. Be3 0-0 10. Qd2 c5 11. Rfe1 Nc6 12. Rad1 Bxf3 13. Bxf3 cxd4 14. Bxd4 Nxd4 15. Qxd4 Bc5 16. Qg4 Qb6 17. Re2 Qxb2 18. Rd3 Qa1+ 19. Kh2 Nxe5 20. Rxe5 Bd6 21. g3 Bxe5 0-1

[Event "Tambov Region-ch 1st League"]
[Site "Tambov"]
[Date "2017.10.27"]
[Round "6"]
[White "Alpatsky, Sergey"]
[Black "Lomakina, Galja"]
[Result "1/2-1/2"]
[WhiteElo "1874"]
[BlackElo "1978"]
[PlyCount "120"]
[EventDate "2017.10.25"]
[EventType "tourn"]
[EventRounds "9"]
[EventCountry "RUS"]
[SourceTitle "CBM 181 Extra"]
[Source "ChessBase"]
[SourceDate "2017.12.12"]
[SourceVersion "1"]
[SourceVersionDate "2017.12.12"]
[SourceQuality "1"]

1. e4 c6 2. d4 d5 3. Nc3 dxe4 4. Nxe4 Nd7 5. Bd3 Ngf6 6. Ng5 e6 7. N1f3 Bd6 8. 0-0 h6 9. Nh3 0-0 10. c4 b6 11. Bc2 Re8 12. Bf4 Bxf4 13. Nxf4 Qc7 14. Nd3 Ba6 15. b3 Rad8 16. Re1 c5 17. dxc5 Nxc5 18. Qe2 Bb7 19. Nde5 Nce4 20. Qe3 Qe7 21. Qf4 g5 22. Qe3 Qf8 23. Rad1 Qg7 24. h3 Nc5 25. Nd4 Nh5 26. Kh2 Nf4 27. f3 f6 28. Ng4 h5 29. Nf2 Bc8 30. Nb5 Qe7 31. g3 e5 32. gxf4 gxf4 33. Qe2 Ne6 34. Rg1+ Kh8 35. Qe4 Rxd1 36. Bxd1 Ng5 37. Qg6 Rg8 38. Qh6+ Nh7 39. Rxg8+ Kxg8 40. Qg6+ Kf8 41. Qxh5 Qg7 42. Qh4 Ng5 43. Nd6 Be6 44. Nde4 Nh7 45. Bc2 Bf5 46. Ng4 Ng5 47. Nxg5 fxg5 48. Qf2 Bxg4 49. hxg4 Qd7 50. Qe2 Qd4 51. Kg2 Qb2 52. Bd3 Qc3 53. Qc2 Qe1 54. Qe2 Qc3 55. Kh3 Qd4 56. Bb1 Qg1 57. Qg2 Qxb1 58. Kh2 Qh7+ 59. Kg1 Qb1+ 60. Kh2 Qh7+ 1/2-1/2

[Event "Satka Autumn op"]
[Site "Satka"]
[Date "2017.09.13"]
[Round "2"]
[White "Protopopova, Anastasiya"]
[Black "Lomakina, Galja"]
[Result "1-0"]
[WhiteElo "2152"]
[BlackElo "1962"]
[PlyCount "85"]
[EventDate "2017.09.12"]
[EventType "swiss"]
[EventRounds "9"]
[EventCountry "RUS"]
[SourceTitle "CBM 180 Extra"]
[Source "ChessBase"]
[SourceDate "2017.10.06"]
[SourceVersion "1"]
[SourceVersionDate "2017.10.06"]
[SourceQuality "1"]

1. d4 c6 2. c4 d6 3. e4 Nd7 4. Nc3 Qa5 5. Bd3 g5 6. h4 Bg7 7. Be2 Nf8 8. hxg5 Ne6 9. d5 Nd4 10. Be3 c5 11. Rc1 Bd7 12. Qd2 a6 13. Nf3 Nxe2 14. Qxe2 b5 15. a3 Rb8 16. 0-0 Bg4 17. Bd2 bxc4 18. Rb1 Be5 19. Qe3 Bxf3 20. Qxf3 h6 21. gxh6 Nf6 22. g3 Kd7 23. Kg2 Qd8 24. Qe2 Bxc3 25. bxc3 Rb5 26. a4 Rb6 27. Qxc4 Qb8 28. Rxb6 Qxb6 29. Bf4 Ng4 30. Qe2 Nf6 31. Bg5 Qb7 32. Bxf6 exf6 33. Qg4+ Ke7 34. Rh1 Qb8 35. h7 Qf8 36. Rb1 Qa8 37. Qg7 Qc8 38. Qxh8 Qxh8 39. Rb7+ Kf8 40. Rb8+ Kg7 41. Rxh8 Kxh8 42. Kf3 Kxh7 43. Kf4 1-0

[Event "Tambov Korensky Memorial 26th"]
[Site "Tambov"]
[Date "2017.08.27"]
[Round "9"]
[White "Lomakina, Galja"]
[Black "Shcherbashin, Roman"]
[Result "1/2-1/2"]
[WhiteElo "1971"]
[BlackElo "1976"]
[PlyCount "104"]
[EventDate "2017.08.19"]
[EventType "swiss"]
[EventRounds "9"]
[EventCountry "RUS"]
[SourceTitle "CBM 180 Extra"]
[Source "ChessBase"]
[SourceDate "2017.10.06"]
[SourceVersion "1"]
[SourceVersionDate "2017.10.06"]
[SourceQuality "1"]

1. d3 e5 2. g3 Nf6 3. Bg2 g6 4. Nf3 d6 5. 0-0 Bg7 6. Nc3 0-0 7. h3 Re8 8. e4 c6 9. Bg5 Qb6 10. Qc1 Nbd7 11. Nd2 Nc5 12. Nc4 Qc7 13. Bh6 b5 14. Bxg7 Kxg7 15. Ne3 Nh5 16. Qd1 Ne6 17. a3 a5 18. Kh2 Qe7 19. Nf5+ gxf5 20. exf5 Nd4 21. Qxh5 Bxf5 22. Ne2 Bg6 23. Nxd4 Bxh5 24. Nf5+ Kf8 25. Nxe7 Rxe7 26. Bxc6 Rc8 27. Bxb5 Rxc2 28. g4 Bg6 29. Rab1 h5 30. gxh5 Bxh5 31. b3 f5 32. Rbc1 Rec7 33. Rxc2 Rxc2 34. Bc4 Bf3 35. Kg3 Be2 36. Re1 f4+ 37. Kh4 Bf3 38. Rg1 d5 39. Bb5 Rxf2 40. Rg5 e4 41. Rf5+ Ke7 42. Rxf4 e3 43. Kg3 Rg2+ 44. Kxf3 e2 45. Kxg2 e1Q 46. a4 Qc3 47. Kg3 Qxb3 48. h4 Qd1 49. d4 Qg1+ 50. Kh3 Qd1 51. Kg3 Qg1+ 52. Kh3 Qd1 1/2-1/2